Statistiques concernant Films avec Louis de Funès par Emojis

Cliquez ici pour prendre le quiz!

Statistiques générales

  • Ce quiz a été pris 817 fois
    (636 depuis la dernière actualisation)
  • Le résultat moyen est 8 sur 10

Statistiques - réponses

EmojisPersonnages% Correct
La Soupe aux choux
96%
L'Aile ou la Cuisse
93%
Le Gendarme de Saint-Tropez
92%
La Grande Vadrouille
89%
Les Aventures de Rabbi Jacob
78%
La Folie des grandeurs
71%
Hibernatus
68%
Le Corniaud
66%
Le Petit Baigneur
54%
Fantômas
51%

Distribution des résultats

Percentile par nombre de réponses

% des personnes avec chaque résultat

Votre développement - résultats

Vous n’avez pas pris ce quiz depuis la dernière actualisation